Top 30 Highest IQ Countries in the World. - Statistics

General Stats
  • This quiz has been taken 82 times
  • The average score is 19 of 30
Answer Stats
Average IQ Country % Correct
107 China
94%
106 Japan
91%
106 South Korea
86%
102 Canada
83%
103 Australia
80%
101 France
78%
102 Spain
77%
107 Taiwan
77%
101 Switzerland
75%
101 Italy
74%
103 Russia
74%
105 Singapore
74%
102 New Zealand
72%
100 Finland
71%
100 Vietnam
68%
100 Belgium
67%
100 Greece
64%
102 Thailand
64%
100 Iceland
62%
106 Iran
57%
100 Luxembourg
57%
100 Malaysia
54%
102 Slovenia
51%
103 Mongolia
48%
99.8 Slovakia
46%
101 Belarus
43%
101 Serbia
43%
103 Armenia
33%
101 Georgia
30%
102 Sri Lanka
28%
No matching quizzes found
Score Distribution
Percent of People with Each Score
Percentile by Number Answered
Your Score History
You have not taken this quiz